000 00357nam a22001337a 4500
008 200317b ||||| |||| 00| 0 eng d
082 _a614.1 SUT
100 _aSuresh, B
245 _aText Book of Forensic Pharmacy
250 _a19th
_b2020
260 _aNew Delhi
_bBirla Publications Pvt. Ltd.
650 _aPharmaceutical Jurisprudence
942 _2ddc
_cBK
999 _c8532
_d8532